Países por Imagem #4 - Statistics

Estatísticas Gerais
  • Esse quiz foi jogado 201 vezes
  • A pontuação média é 7 de 15
Estatísticas das Respostas
Imagem Resposta % Correto
Grécia
99%
Coréia do Norte
97%
Itália
90%
Nepal
73%
Marrocos
60%
China
58%
Portugal
50%
México
36%
Sudão
34%
Bélgica
26%
Mali
26%
Birmânia
21%
Paquistão
20%
Mônaco
12%
Sri Lanka
11%
Nenhum quiz correspondente encontrado
Distribuição das Pontuações
Porcentagem de Pessoas com Cada Pontuação
Percentil de Números Respondidos
Sua Pontuação Histórica
Você não jogou esse quiz